Normal view
MARC view
- Rugman, Alan M.
Entry Personal Name
001 - CONTROL NUMBER
- control field: 6755
003 - CONTROL NUMBER IDENTIFIER
- control field: OSt
005 - DATE AND TIME OF LATEST TRANSACTION
- control field: 20170522114919.0
008 - FIXED-LENGTH DATA ELEMENTS
- fixed length control field: 170522|| aca||aabn | a|a d
040 ## - CATALOGING SOURCE
- Original cataloging agency: OSt
- Transcribing agency: OSt
100 ## - HEADING--PERSONAL NAME
- Personal name: Rugman, Alan M.
670 ## - SOURCE DATA FOUND
- Source citation: Work cat.: (OSt): Rugman, Alan M., Global corporate strategy and trade policy / , 1990.

PORTAL AKMAL
E-MEL JKDM
AKMAL2U
G-BAM
u-PUSTAKA